000 00475nam a2200169Ia 4500
999 _c3425
_d3425
003 OSt
005 20200820112637.0
008 190216s9999||||xx |||||||||||||| ||und||
040 _coclc
082 _a541.3
_bYAD/A
100 _aYadav, J B
_94227
245 0 _aAdvanced Practical Physical Chemistry /
_cJ B Yadav
260 _bGoel Pub House,
_c2001.
_aMeerut:
300 _a496p
650 _aChemistry
942 _cBK
_2ddc
_h541.3
_iYAD/A
_k541.3
_mYAD/A